Top 100 Vornamen der 70er Jahre - Statistiken

Allgemein
  • Dieses Quiz wurde 82 mal gespielt
  • Das Durchschnittsergebnis liegt bei 48 aus 100
Antwortstatistiken
📍 Vorname % Korrekt
Th.m.s Thomas
87%
Ch.i.t..n ♂️ Christian
85%
J.n Jan
82%
St.f.n | St.p..n Stefan | Stephan
82%
M.c.a.l Michael
78%
P.t.r Peter
78%
St.f..n Steffen
78%
A.d.e André
77%
A.d..a Andrea
73%
An.a Anna
72%
An.e Anne
70%
Ma.t.n Martin
70%
Ma.k.s Markus
68%
Jü.g.n Jürgen
67%
A.d.e.s Andreas
65%
D.n..l Daniel
65%
F.a.k Frank
65%
Al..a.d.r Alexander
63%
K.t..n | C.t.r.n Katrin | Kathrin | Cathrin
63%
St.f.n.e | St.p..n.e ♀️ Stefanie | Stephanie
63%
Ch.i.t.f | Ch.i.t..h | K.i.t.f Christof | Christoph | Kristof
62%
Jö.g Jörg
62%
Sv.n Sven
62%
M.r.a Maria
60%
M.t..i.s Matthias | Mathias
60%
Ol.v.r Oliver
60%
P.t.a Petra
60%
Je.s Jens
58%
S.b..e Sabine
58%
Ti.a Tina
58%
T.m Tim | Timm
57%
La.s Lars
53%
Ch.i.t..a | K.i.t..a Christina | Kristina
52%
K.i | K.y Kai | Kay
52%
K.a.s Klaus
52%
M.c..e.a Michaela
52%
Ol.f | Ol.v Olaf | Olav
52%
Ra.f | R.l.h Ralf | Ralph
52%
R.b..t Robert
52%
S.b..t..n Sebastian
52%
E.a Eva
50%
Ja.a Jana
50%
J.l.a Julia
50%
T.b..s Tobias
50%
U.r..e Ulrike
50%
K.t..r..a | C.t..r..a Katharina | Catharina | Katarina
48%
Ph.l.p Philip | Philipp
48%
Al..a.d.a Alexandra
47%
N.c..e Nicole
47%
Be.j.m.n Benjamin
45%
Bi.g.t Birgit
45%
Di.k | D.e.k Dirk | Dierk
45%
In.o Ingo
45%
Mi.e | Me.k | Ma.k Mike | Meik | Maik
45%
Ni.a Nina
45%
T.o.s..n | To.s..n Thorsten | Torsten
45%
De.n.s Dennis | Denis
43%
S.m..e Simone
43%
C.a.d.a Claudia
42%
Ho.g.r Holger
42%
Sa.d.a Sandra
42%
Ch.i.t.a.e | K.i.t.a.e Christiane | Kristiane
40%
H.i.e Heike
40%
Ka.s..n | Ca.s..n Karsten | Carsten
40%
M.r.o Marko | Marco
40%
M.l.n.e Melanie
40%
T.n.a Tanja
40%
An.a Anja
38%
B.t.i.a Bettina
38%
Ke.s..n Kerstin
38%
N.d..e Nadine
38%
Ma.t..a Martina
37%
D.n.e.a Daniela
35%
Iv.n.e | Yv.n.e Ivonne | Yvonne
35%
M.n..a Monika
35%
N.e.s | Ni.s Niels | Nils
35%
P.t.i.k Patrick | Patrik
35%
Vo.k.r Volker
35%
An.e Anke
33%
Fl.r..n Florian
33%
Ma.c.l Marcel
33%
M.r.o Mario
33%
S.n.a Sonja
33%
H.i.o Heiko
30%
M.r..m Miriam
30%
Re.e René
30%
Wi.b.e Wiebke | Wibke
30%
M.n.e.a Manuela
28%
B.ö.n Björn
25%
D.a.a Diana
25%
Je.s..a Jessica | Jessika
25%
S.l.e Silke
25%
K.t.a Katja
23%
Br.t.a Britta
22%
M.i.e Maike | Meike
22%
M.r.n Maren
22%
B.a..a Bianca | Bianka
20%
Co.n.l.a | Ko.n.l.a Cornelia | Kornelia
18%
S.s..a Sascha
18%
A.t.e Antje
17%
Keine übereinstimmenden Quizze gefunden
Verteilung der Resultate
Anzahl Personen mit jedem Resultat
Perzentil nach korrekt beantworteten Fragen
Ihre Resultats-Entwicklung
Sie haben dieses Quiz noch nicht gespielt